000
00321nam a22001457a 4500
008
230616b ||||| |||| 00| 0 eng d
020
_a
9780134418049
041
_a
eng
080
_2
SIXTH EDITION
_a
51
082
_a
51ROC
100
_a
23
101
_a
MATE
245
_a
COLLEGE AGEBRA
_c
ROCKSWOLD
942
_2
udc
_c
BK
999
_c
59996
_d
59996